000 00383 a2200145 4500
001 155233
040 _cEscola São Tomás de Aquino
100 _aLARSEN, Reif
240 1 0 _aO mundo explicado por T. S. Spivet
_lpor
245 1 0 _aO mundo explicado por T. S. Spivet
362 0 _a2010
440 1 _aNova Fronteira
697 _aOUTRAS LITERATURAS (DIVERSAS LÍNGUAS)
942 _cBK
999 _c155233
_d155233